Ausrichterländer der Fußball-WM - Statistiken

Allgemein
  • Dieses Quiz wurde 480 mal gespielt
  • Das Durchschnittsergebnis liegt bei 23 aus 25
Antwortstatistiken
Jahr Land Weltmeister % Korrekt
1950 Brasilien Uruguay
99%
2014 Brasilien Deutschland
99%
1974 Deutschland Deutschland
99%
2006 Deutschland Italien
99%
2026 Vereinigte Staaten | Kanada | Mexiko ?
99%
1938 Frankreich Italien
98%
1998 Frankreich Frankreich
98%
1934 Italien Italien
98%
1990 Italien Deutschland
98%
2022 Katar Argentinien
98%
2018 Russland Frankreich
98%
2030 Marokko | Spanien | Portugal ?
97%
1966 England England
96%
2010 Südafrika Spanien
96%
1930 Uruguay Uruguay
96%
1994 Vereinigte Staaten Brasilien
96%
1978 Argentinien Argentinien
95%
2002 Südkorea | Japan Brasilien
95%
1982 Spanien Italien
94%
1970 Mexiko Brasilien
91%
1986 Mexiko Argentinien
91%
1954 Schweiz Deutschland
88%
2034 (wahrscheinlich) Saudi-Arabien ?
83%
1958 Schweden Brasilien
75%
1962 Chile Brasilien
69%
Keine übereinstimmenden Quizze gefunden
Verteilung der Resultate
Anzahl Personen mit jedem Resultat
Perzentil nach korrekt beantworteten Fragen
Ihre Resultats-Entwicklung
Sie haben dieses Quiz noch nicht gespielt